| 000 | 00355nam a2200145Ia 4500 | ||
|---|---|---|---|
| 008 | 150201s2002 xx 000 0 und d | ||
| 082 |
_a612.015 _bB2002S |
||
| 100 | _aSATYANARAYAN,U. | ||
| 245 | _aBIOCHEMISTRY | ||
| 250 | _a2ND | ||
| 260 |
_bBOOKS & ALLIED PUBLICATION _aKOLKATA _c2002 |
||
| 300 | _a1-695 | ||
| 650 | _aBIOCHEMISTRY | ||
| 942 |
_2ddc _cBK _01 |
||
| 999 |
_c2592 _d2592 |
||